<?xml version="1.0" encoding="UTF-8"?><?xml-stylesheet type="text/xsl" href="static/style.xsl"?><OAI-PMH xmlns="http://www.openarchives.org/OAI/2.0/" xmlns:xsi="http://www.w3.org/2001/XMLSchema-instance" xsi:schemaLocation="http://www.openarchives.org/OAI/2.0/ http://www.openarchives.org/OAI/2.0/OAI-PMH.xsd"><responseDate>2026-04-14T15:16:39Z</responseDate><request verb="GetRecord" identifier="oai:uvadoc.uva.es:10324/16111" metadataPrefix="marc">https://uvadoc.uva.es/oai/request</request><GetRecord><record><header><identifier>oai:uvadoc.uva.es:10324/16111</identifier><datestamp>2021-06-30T07:39:27Z</datestamp><setSpec>com_10324_5460</setSpec><setSpec>com_10324_5186</setSpec><setSpec>com_10324_29291</setSpec><setSpec>col_10324_7397</setSpec></header><metadata><record xmlns="http://www.loc.gov/MARC21/slim" xmlns:doc="http://www.lyncode.com/xoai" xmlns:xsi="http://www.w3.org/2001/XMLSchema-instance" xmlns:dcterms="http://purl.org/dc/terms/" xsi:schemaLocation="http://www.loc.gov/MARC21/slim http://www.loc.gov/standards/marcxml/schema/MARC21slim.xsd">
<leader>00925njm 22002777a 4500</leader>
<datafield tag="042" ind1=" " ind2=" ">
<subfield code="a">dc</subfield>
</datafield>
<datafield tag="720" ind1=" " ind2=" ">
<subfield code="a">Garrosa Resina, Antonio</subfield>
<subfield code="e">author</subfield>
</datafield>
<datafield tag="260" ind1=" " ind2=" ">
<subfield code="c">1981</subfield>
</datafield>
<datafield tag="024" ind2=" " ind1="8">
<subfield code="a">Castilla: Estudios de literatura, 1981, N.2, pags.77-120</subfield>
</datafield>
<datafield tag="024" ind2=" " ind1="8">
<subfield code="a">1133-3820</subfield>
</datafield>
<datafield tag="024" ind2=" " ind1="8">
<subfield code="a">http://uvadoc.uva.es/handle/10324/16111</subfield>
</datafield>
<datafield tag="024" ind2=" " ind1="8">
<subfield code="a">77</subfield>
</datafield>
<datafield tag="024" ind2=" " ind1="8">
<subfield code="a">2</subfield>
</datafield>
<datafield tag="024" ind2=" " ind1="8">
<subfield code="a">120</subfield>
</datafield>
<datafield tag="024" ind2=" " ind1="8">
<subfield code="a">Castilla: Estudios de literatura</subfield>
</datafield>
<datafield tag="245" ind1="0" ind2="0">
<subfield code="a">La leyenda de los siete Infantes de Salas: contribución literaria al conocimiento de la vida en el antiguo Condado de Castilla</subfield>
</datafield>
</record></metadata></record></GetRecord></OAI-PMH>